Capitale ou non ? - Statistiques

Statistiques générales
  • Ce quiz a été pris 652 fois
    191 depuis la dernière actualisation
  • Le résultat moyen est 19 sur 20
Statistiques - réponses
Question Réponse % Correct
Moscou oui
100%
New York non
99%
Los Angeles non
99%
Paris oui
99%
Copenhague oui
99%
Tokyo oui
99%
Berlin oui
99%
Sydney non
98%
Barcelone non
98%
Athènes oui
98%
Venise non
97%
Séoul oui
97%
Madrid oui
97%
Buenos Aires oui
96%
Rio de Janeiro non
94%
Nairobi oui
94%
Pékin oui
92%
Ottawa oui
92%
Dubaï non
79%
Belize City non
58%
Aucun quiz correspondant
Distribution des résultats
% des personnes avec chaque résultat
Percentile par nombre de réponses
Votre historique - résultats
Vous n’avez pas pris ce quiz depuis la dernière actualisation